| 000 | 00500cam a2200181ua 4500 | ||
|---|---|---|---|
| 041 |
_aeng _h |
||
| 082 |
_a025.49 _bAIT/TH |
||
| 100 | _aAitchison, Jean . | ||
| 245 |
_aThe saurus construction and use: A practical manual / _cJean Aitchison. _hTextual Documents |
||
| 250 |
_a3 / _b. |
||
| 260 |
_aLondon : _bThe Association for information Mgt , _c1997. |
||
| 300 | _a212 ; . | ||
| 504 | _a | ||
| 700 | 1 | _aBawden, David . | |
| 700 | 1 | _aGilchrist, Alan . | |
| 942 | _cBK | ||
| 999 |
_c8006 _d8006 |
||